| 000 | 01118nam a2200349Ia 4500 | ||
|---|---|---|---|
| 003 | OSt | ||
| 005 | 20220912150608.0 | ||
| 006 | a|||||r|||| 00| 0 | ||
| 007 | ta | ||
| 008 | 220909b |||||||| |||| 00| 0 eng d | ||
| 020 | _a047123443 (pbk) | ||
| 024 | _a59026 | ||
| 037 | _b008, 28/07/2006, Dhanraj Book House | ||
| 037 | _cTextbook | ||
| 040 |
_aCSL _beng _cCSL |
||
| 041 | _aeng | ||
| 082 | _aG:63, P5 TG | ||
| 100 | _aTaylor Graham R Ed. | ||
| 245 | 0 | _aGuide to mutation detection | |
| 260 |
_aNew Jersey _bJohn Wiley & Sons, Inc _c2005 |
||
| 300 |
_axiv, 330p. _ccm. |
||
| 500 |
_aIncludes bibliographical references.; Index 321-330p. _ccm. |
||
| 650 | _a DNA mutational analysis-Instrumentation | ||
| 650 | _a DNA mutational analysisMethods | ||
| 650 | _a Gene dosage | ||
| 650 | _a Mutation-Biology | ||
| 650 | _aBiology | ||
| 700 | _a Day Ian N M Ed. | ||
| 942 |
_hG:63, P5 TG _cTB _2CC |
||
| 999 |
_c50688 _d50688 |
||